000
00299nam a22001337a 4500
008
171024b xxu||||| |||| 00| 0 eng d
020
_a
013593579
041
_a
eng
080
_2
7TH
_a
311
100
_a
55
101
_a
STA
245
_a
MODERN ELEMENTARY STATISTICS
_c
FREUND,J.E
942
_2
udc
_c
BK
999
_c
35677
_d
35677